Katie's lucky birthday / by Fran Manushkin ; illustrated by Tammie Lyon.
Katie looks forward to celebrating her birthday at school, and then finds a way to make it even more special when her friend Pedro mentions that he has a summer birthday.
Record details
- ISBN: 9781404865143 (library binding)
- ISBN: 1404865144 (library binding)
- ISBN: 9781404866126 (pbk.)
- ISBN: 1404866124 (pbk.)
- Physical Description: 25 pages : color illustrations ; 24 cm.
- Publisher: Mankato, Minn. : Picture Window Books, c2011.
Search for related items by subject
| Subject: | Birthdays > Juvenile fiction. Parties > Juvenile fiction. Schools > Juvenile fiction. Chinese Americans > Juvenile fiction. |
Search for related items by series
Available copies
- 1 of 1 copy available at scottsboropl.
Holds
- 0 current holds with 1 total copy.
Show Only Available Copies
| Location | Call Number / Copy Notes | Barcode | Shelving Location | Status | Due Date |
|---|---|---|---|---|---|
| scottsboropl | BR Man | 32269000879422 | Juvenile - Beginning Reader | Available | - |
| LDR | 01364cam a2200349 a 4500 | ||
|---|---|---|---|
| 001 | 133421 | ||
| 003 | CONS | ||
| 005 | 20140703073307.0 | ||
| 008 | 100809s2011 mnua b 000 1 eng | ||
| 010 | . | ‡a 2010030658 | |
| 020 | . | ‡a9781404865143 (library binding) | |
| 020 | . | ‡a1404865144 (library binding) | |
| 020 | . | ‡a9781404866126 (pbk.) | |
| 020 | . | ‡a1404866124 (pbk.) | |
| 035 | . | ‡a(CPomAG)LMN505490 | |
| 050 | 0 | 0. | ‡aPZ7.M3195 ‡bKcl 2011 |
| 082 | 0 | 0. | ‡a[E] ‡222 |
| 082 | 1 | 4. | ‡a[E] ‡214 |
| 100 | 1 | . | ‡aManushkin, Fran. |
| 245 | 1 | 0. | ‡aKatie's lucky birthday / ‡cby Fran Manushkin ; illustrated by Tammie Lyon. |
| 260 | . | ‡aMankato, Minn. : ‡bPicture Window Books, ‡cc2011. | |
| 300 | . | ‡a25 pages : ‡bcolor illustrations ; ‡c24 cm. | |
| 490 | 1 | . | ‡aKatie Woo |
| 520 | . | ‡aKatie looks forward to celebrating her birthday at school, and then finds a way to make it even more special when her friend Pedro mentions that he has a summer birthday. | |
| 650 | 0. | ‡aBirthdays ‡vJuvenile fiction. | |
| 650 | 0. | ‡aParties ‡vJuvenile fiction. | |
| 650 | 0. | ‡aSchools ‡vJuvenile fiction. | |
| 650 | 0. | ‡aChinese Americans ‡vJuvenile fiction. | |
| 700 | 1 | . | ‡aLyon, Tammie, ‡eillustrator. |
| 800 | 1 | . | ‡aManushkin, Fran. ‡tKatie Woo. |
| 959 | . | ‡i32269000879422 ‡lBR Man ‡aJuvenile - Easy ‡tBeginning Reader ‡g18.00 | |
| 852 | . | ‡p32269000879422 ‡jBR Man ‡gJuvenile - Easy ‡cBeginning Reader ‡y18.00 ‡bSBPL | |
| 901 | . | ‡a133421 ‡bUnknown ‡c133421 ‡tbiblio | |